000 00484nam a2200193Ia 4500
003 IIN
005 20240124123422.0
008 231217s9999 xx 000 0 und d
020 _cRs.499.00
_a9789351296270
040 _aIIN
_bEnglish
082 _a579.0282
_bNAG
100 1 _aNagoba, B.S.
245 1 _aMicrobiology for Nurses
_cB.S. Nagoba
250 _a.-3rd ed
260 _bWolters Kluwer
_aNew Delhi
_c2016
300 _axvi, 436 p.
650 1 _aMicrobiology
942 _cBOOK
999 _c545
_d545